S.O.S.! : Hra [o] 3 dějstvích /

Hlavní autor: Holý, Kamil, 1873-1952
Jazyk: Čeština
Vydáno: V Praze : Nákladem Divadelního a hudebního knihkupectví, nakladatelství Evžena J. Rosendorfa, [1934]
Edice: Hry českého jeviště
Témata:
Fyzický popis: 112 stran ; 8°
Knihy
Uloženo v:
LEADER 01134nam a22003257i 4500
001 001859590
003 CZ BrMZK
005 20230523120032.0
007 ta
008 230523s1934 xr er|||||||||||cze d
015 |a cnb001002859 
035 |a (OCoLC)85704738 
040 |a ABA001  |b cze  |c ABA001  |d ABA001  |d BOA001  |e rda 
072 7 |a 821.162.3-2  |x České drama  |2 Konspekt  |9 25 
080 |a 821.162.3-2  |2 MRF 
080 |a (0:82-2)  |2 MRF 
100 1 |a Holý, Kamil,  |d 1873-1952  |7 jk01041858  |4 aut 
245 1 0 |a S.O.S.! :  |b Hra [o] 3 dějstvích /  |c Kamil Holý 
264 1 |a V Praze :  |b Nákladem Divadelního a hudebního knihkupectví, nakladatelství Evžena J. Rosendorfa,  |c [1934] 
300 |a 112 stran ;  |c 8° 
336 |a text  |b txt  |2 rdacontent 
337 |a bez média  |b n  |2 rdamedia 
338 |a svazek  |b nc  |2 rdacarrier 
490 1 |a Hry českého jeviště ;  |v 139 
655 7 |a česká dramata  |7 fd133957  |2 czenas 
830 0 |a Hry českého jeviště  |0 s 
910 |a BOA001  |b 1-0047.316,139 
990 |a BK 
991 |b 202305 
996 6 |b 2618745071  |c 1-0047.316,139  |l MZK  |r Sklad / do 1 hodiny  |n 0  |w 001926500  |u 000010  |a 1  |e BOA001  |j MZK50  |s P